000 00633nam a2200241Ia 4500
005 20250425162432.0
008 250425s9999 xx 000 0 und d
020 _a9972470213
041 _aspa
082 _a664
110 _aINTERMEDIATE TECHNOLOGY DEVELOPMENT GROUP
245 0 _aPROCESAMIENTO DE CEREALES
250 _a2A ED.
260 _aLIMA
260 _aPerĂº
_bITDG
_c1998
300 _a68
500 _aLIBRO DE CONSULTA SOBRE TECNOLOGIAS APLICADAS AL CICLO ALIMENTARIO, 2
650 _aCEREALES
650 _aINDUSTRIA ALIMENTARIA
650 _aTECNOLOGIA DE ALIMENTOS
942 _c01
010 _a73756
999 _c229163
_d229163